| 000 | 01387nam a2200337 c 4500 | ||
|---|---|---|---|
| 003 | BLK | ||
| 005 | 20240514170817.0 | ||
| 008 | 180409b bul|||||r ||||||| ||bul|| | ||
| 010 | _aKNG00134002000 | ||
| 040 | _aBLK | ||
| 041 |
_aBUL _cBUL |
||
| 080 |
_aРуска литература _b821.161.1 _x-311.6 _z821.161.1-311.6 |
||
| 080 |
_aУкраинска литература _b821.161.2 _x-311.6 _z821.161.2-311.6 |
||
| 100 | 1 |
_aЗагребелни, Павло Архипович _eпърви автор _968803 |
|
| 700 | 1 |
_aПеткова, Мария _eпрев. от рус. _9368831 |
|
| 139 |
_aЗагребелни, Павло Архипович _bЗ 19 |
||
| 245 | 1 | 0 |
_aРоксолана _bРоман _cПавло Архипович Загребелни; прев. от рус. Мария Петкова. |
| 250 | _a2. изд. | ||
| 257 | _aUKR | ||
| 260 |
_аМосква ; София _bРадуга _c1989 |
||
| 300 |
_a560 с. _bс ил. _c22 см |
||
| 380 | _aX | ||
| 500 | _a1. изд. 1987. - Офс. изд. - Съвместно съв.-бълг. изд. - 40 000 тир. | ||
| 653 | _aисторически романи | ||
| 852 | _aЦб 156909 | ||
| 856 | 4 |
_qpdf _u |
|
| 856 | 4 |
_qpdf _u |
|
| 942 |
_cKNG _n0 _06 |
||
| 944 |
_aCR _c24.09.2012 _lЦветелина Шанова _k30531 |
||
| 944 |
_aED _c25.05.2017 _lф / _kЛюдмила_Стоянова |
||
| 999 |
_c128283 _d128283 |
||